000 00519nam a2200181 i 4500
001 115853
003 ES-MaACL
005 20251014063148.0
007 t|
008 061121s1963 sp r ||||1| spa d
100 1 _aOrs, Álvaro d',
_d1915-2004
_9139081
245 1 4 _aUna introducción al estudio del derecho /
_cAlvaro d'Ors.
260 _aMadrid :
_bRialp,
_c1963.
300 _a193 p. ;
_c18 cm.
650 0 7 _aDerecho
_2embne
_911602
852 _aES-MaACL
_jC-23026
_bR.51662
999 _c115853
_d115853